Friends of liberty / (Record no. 415144)
[ view plain ]
| 000 -LEADER | |
|---|---|
| fixed length control field | 01547cam a2200385 i 4500 |
| 001 - CONTROL NUMBER | |
| control field | sky253707210 |
| 003 - CONTROL NUMBER IDENTIFIER | |
| control field | SKY |
| 005 - DATE AND TIME OF LATEST TRANSACTION | |
| control field | 20260113125047.0 |
| 008 - FIXED-LENGTH DATA ELEMENTS--GENERAL INFORMATION | |
| fixed length control field | 130102s2013 miu c 000 1 eng |
| 010 ## - LIBRARY OF CONGRESS CONTROL NUMBER | |
| LC control number | 2012048444 |
| 020 ## - INTERNATIONAL STANDARD BOOK NUMBER | |
| International Standard Book Number | 9780802854186 (alk. paper) |
| 020 ## - INTERNATIONAL STANDARD BOOK NUMBER | |
| International Standard Book Number | 0802854184 (alk. paper) |
| 040 ## - CATALOGING SOURCE | |
| Original cataloging agency | DLC |
| Language of cataloging | eng |
| Transcribing agency | DLC |
| Description conventions | rda |
| Modifying agency | DLC |
| -- | SKYRV |
| 042 ## - AUTHENTICATION CODE | |
| Authentication code | pcc |
| -- | lcac |
| 082 00 - DEWEY DECIMAL CLASSIFICATION NUMBER | |
| Classification number | [Fic] |
| Edition number | 23 |
| 092 ## - LOCALLY ASSIGNED DEWEY CALL NUMBER (OCLC) | |
| Classification number | junior fiction |
| Item number | Gormley |
| 100 1# - MAIN ENTRY--PERSONAL NAME | |
| Personal name | Gormley, Beatrice. |
| 9 (RLIN) | 14242 |
| 245 10 - TITLE STATEMENT | |
| Title | Friends of liberty / |
| Statement of responsibility, etc | by Beatrice Gormley. |
| 264 #1 - Production, Publication, Distribution, Manufacture, and Copyright Notice. | |
| Place of production, publication, distribution, manufacture | Grand Rapids Michigan : |
| Name of producer, publisher, distributor, manufacturer | Eerdmans Books for Young Readers, |
| Date of production, publication, distribution, manufacture, or copyr | 2013. |
| 300 ## - PHYSICAL DESCRIPTION | |
| Extent | 184 pages ; |
| Dimensions | 21 cm. |
| 520 ## - SUMMARY, ETC. | |
| Summary, etc | Sally Gifford, a Patriot shoemaker's daughter, tries to maintain her close friendship with Kitty Lawton, the daughter of a Loyalist official, as pre-Revolutionary War tensions in 1773 Boston increase and push them apart. |
| 521 8# - TARGET AUDIENCE NOTE | |
| Target audience note | 820 |
| Source | Lexile. |
| 526 0# - STUDY PROGRAM INFORMATION NOTE | |
| Program name | Accelerated Reader AR |
| Reading level | 5.2. |
| 650 #0 - SUBJECT ADDED ENTRY--TOPICAL TERM | |
| Topical term or geographic name as entry element | Best friends |
| Form subdivision | Juvenile fiction. |
| 9 (RLIN) | 5673646 |
| 650 #0 - SUBJECT ADDED ENTRY--TOPICAL TERM | |
| Topical term or geographic name as entry element | Friendship |
| Form subdivision | Juvenile fiction. |
| 9 (RLIN) | 5673647 |
| 650 #0 - SUBJECT ADDED ENTRY--TOPICAL TERM | |
| Topical term or geographic name as entry element | Loyalty |
| Form subdivision | Juvenile fiction. |
| 9 (RLIN) | 5673948 |
| 650 #0 - SUBJECT ADDED ENTRY--TOPICAL TERM | |
| Topical term or geographic name as entry element | Social classes |
| Form subdivision | Juvenile fiction. |
| 9 (RLIN) | 5674762 |
| 650 #0 - SUBJECT ADDED ENTRY--TOPICAL TERM | |
| Topical term or geographic name as entry element | Family life |
| Geographic subdivision | Massachusetts |
| Form subdivision | Juvenile fiction. |
| 9 (RLIN) | 6559070 |
| 651 #0 - SUBJECT ADDED ENTRY--GEOGRAPHIC NAME | |
| Geographic name | Boston (Mass.) |
| General subdivision | History |
| Chronological subdivision | Colonial period, ca. 1600-1775 |
| Form subdivision | Juvenile fiction. |
| 9 (RLIN) | 5714078 |
| 651 #0 - SUBJECT ADDED ENTRY--GEOGRAPHIC NAME | |
| Geographic name | United States |
| General subdivision | History |
| Chronological subdivision | Revolution, 1775-1783 |
| Form subdivision | Juvenile fiction. |
| 9 (RLIN) | 5678582 |
| 942 ## - ADDED ENTRY ELEMENTS (KOHA) | |
| Source of classification or shelving scheme | Dewey Decimal Classification |
| Koha item type | BOOK |
| Withdrawn status | Lost status | Source of classification or shelving scheme | Damaged status | Not for loan | Collection code | Home library | Current library | Shelving location | Date acquired | Source of acquisition | Total Checkouts | Full call number | Barcode | Date last seen | Cost, replacement price | Price effective from | Koha item type |
|---|---|---|---|---|---|---|---|---|---|---|---|---|---|---|---|---|---|
| Dewey Decimal Classification | Junior Fiction | Wasatch County Library | Wasatch County Library | Main Floor Junior Area | 01/13/2026 | Amazon | J Gormley | 34301002176982 | 01/13/2026 | 12.99 | 01/13/2026 | BOOK |
